Zemepis 6 : učebnica pre 6. ročník základnej školy. 2. časť /
Uložené v:
| Hlavný autor: | |
|---|---|
| Médium: | Kniha |
| Jazyk: | Slovak |
| Vydané: |
Bratislava :
Litera, vydavateľstvo krásnej literatúry,
1993.
|
| Vydanie: | 1. vyd. |
| Témy: | |
| ISBN: |
8085452162 (brož.) |
| Fyzický popis: |
108 s. |
| Tagy: |
Pridať tag
Žiadne tagy, Buďte prvý kto otaguje tento záznam!
|
Titul je dostupný aj v ... 

MARC
| LEADER | 00000nam a2200000 a 4500 | ||
|---|---|---|---|
| 001 | 000072607 | ||
| 003 | SVKK | ||
| 005 | 20111028173819.0 | ||
| 008 | 990722s1993 xo c p 000 0 slo d | ||
| 020 | |a 8085452162 (brož.) | ||
| 040 | |a SVKKK |b slo |c SVKKK |e AACR2 | ||
| 041 | 0 | |a slo | |
| 044 | |a xo |c SK | ||
| 080 | |a 91(075.2) |2 1997 | ||
| 245 | 0 | 0 | |a Zemepis 6 : |b učebnica pre 6. ročník základnej školy. |n 2. časť / |c Magda Zaťková ... [et al.]. |
| 250 | |a 1. vyd. | ||
| 260 | |a Bratislava : |b Litera, vydavateľstvo krásnej literatúry, |c 1993. | ||
| 300 | |a 108 s. | ||
| 653 | 0 | |a zemepis |2 SVKKKPH | |
| 653 | 0 | |a učebnice základných škôl |2 SVKKKPH | |
| 655 | 7 | |a učebnice základných škôl |2 SVKKKPH | |
| 700 | 1 | |a Zaťková, Magda |4 aut | |
| 910 | |a svkkk | ||
| 919 | |a 80-85452-16-2 | ||
| 974 | |a MI |d 19990722 | ||
| 974 | |a PA |d 19990722 | ||
| 974 | |a PA |d 20010430 | ||
| 998 | |a BK | ||
| 090 | |g SCKHL |k Sklad Pribinova prízemie |a IV.166115 |j 871183 |i 72607-10 |4 Strata |s Vyradená | ||